[Event "Titled Tuesday intern op 04th May"]
[Site "Chess.com INT"]
[Date "2021.05.04"]
[Round "2"]
[White "Rodin, Mihail"]
[Black "Shipov, Sergei"]
[Result "1-0"]
[WhiteElo "2320"]
[BlackElo "2541"]
[PlyCount "119"]
[EventDate "2021.05.04"]
[EventType "swiss (blitz)"]
[EventRounds "11"]
[EventCountry "USA"]
[SourceTitle "CBM 202 Extra"]
[Source "ChessBase"]
[SourceDate "2021.07.31"]
[SourceVersion "1"]
[SourceVersionDate "2021.07.31"]
[SourceQuality "1"]

1. e4 e6 2. d4 d5 3. Nd2 Be7 4. Ngf3 Nf6 5. Bd3 c5 6. c3 cxd4 7. cxd4 dxe4 8. Nxe4 Bd7 9. Ne5 Bc6 10. Nxc6 Nxc6 11. Be3 Qa5+ 12. Nc3 Rd8 13. 0-0 0-0 14. Rc1 Qb4 15. Ne2 Qxb2 16. Rb1 Qxa2 17. Rxb7 Rb8 18. Bb1 Qa6 19. Rxb8 Rxb8 20. Nc3 Rd8 21. Re1 g6 22. Ne4 Qc4 23. Bd3 Qb4 24. Qa1 Nxd4 25. Rb1 Nb3 26. Nxf6+ Bxf6 27. Qxf6 Rxd3 28. h4 a5 29. Bh6 Qc3 30. Qf4 Qc8 31. Rxb3 Rxb3 32. Qf6 Rb1+ 33. Kh2 Qb8+ 34. g3 Qf8 35. Bxf8 Kxf8 36. Qd8+ Kg7 37. Qxa5 Rd1 38. Qe5+ Kg8 39. g4 Rd5 40. Qf6 h5 41. f3 Rb5 42. Kg3 Rd5 43. Kf4 Rb5 44. Qd8+ Kg7 45. Qd7 Rd5 46. Qc7 Rb5 47. Ke4 Rd5 48. Qb8 Ra5 49. g5 Rf5 50. Qd8 Kh7 51. f4 Rd5 52. Qe7 Rf5 53. Qd7 Kg7 54. Qd6 Kg8 55. Kd4 Kg7 56. Ke4 Kg8 57. Qe7 Kg7 58. Qd8 Rd5 59. Qxd5 Kg8 60. Qd8+ 1-0

[Event "World Corporate East C"]
[Site "Chess.com INT"]
[Date "2021.02.20"]
[Round "5.1"]
[White "Papp, Petra"]
[Black "Rodin, Mihail"]
[Result "1-0"]
[WhiteElo "2336"]
[BlackElo "2320"]
[PlyCount "119"]
[EventDate "2021.02.19"]
[EventType "team (rapid)"]
[EventRounds "7"]
[EventCountry "USA"]
[SourceTitle "EXT 2022"]
[Source "ChessBase"]
[SourceDate "2021.10.06"]
[SourceVersion "1"]
[SourceVersionDate "2021.10.06"]
[SourceQuality "1"]
[WhiteTeam "Morgan Stanley"]
[BlackTeam "Rosseti Volga"]
[WhiteTeamCountry "HUN"]
[BlackTeamCountry "RUS"]

1. e4 e5 2. Nf3 Nc6 3. Bb5 a6 4. Ba4 Bc5 5. c3 Nge7 6. 0-0 Ba7 7. d4 exd4 8. cxd4 d5 9. exd5 Nxd5 10. Re1+ Be6 11. Bg5 Qd6 12. Nbd2 0-0 13. Nc4 Qb4 14. Bxc6 bxc6 15. Rc1 Rfe8 16. Bd2 Qf8 17. Nce5 c5 18. Nc6 Bb6 19. dxc5 Bxc5 20. Qc2 Bb6 21. Ng5 g6 22. Re5 Qd6 23. Ne4 Qf8 24. Rxd5 f5 25. Nc3 Bxd5 26. Nxd5 Qf7 27. Qc4 Re6 28. Bc3 Rae8 29. h3 Kf8 30. Bb4+ Kg8 31. Bc3 Kf8 32. a4 a5 33. b4 Re4 34. Qd3 axb4 35. Bxb4+ Kg8 36. Bc3 Bd4 37. Nde7+ R8xe7 38. Nxe7+ Qxe7 39. Bxd4 Qe6 40. a5 Qd5 41. Rd1 Qxa5 42. Qc4+ Kf8 43. Qc5+ Qxc5 44. Bxc5+ Ke8 45. Kf1 Rc4 46. Bd4 Ke7 47. Ke2 c5 48. Be3 Re4 49. Kf3 c4 50. Rd4 Rxd4 51. Bxd4 Ke6 52. Kf4 h6 53. Bg7 g5+ 54. Kf3 h5 55. Ke3 Kd5 56. Bf6 g4 57. h4 Kc5 58. Kf4 Kb4 59. Kxf5 c3 60. Bg5 1-0

[Event "Titled Tuesday intern op 25th Aug"]
[Site "Chess.com INT"]
[Date "2020.08.25"]
[Round "7"]
[White "Luo, Terry"]
[Black "Rodin, Mihail"]
[Result "1-0"]
[WhiteElo "2124"]
[BlackElo "2320"]
[PlyCount "93"]
[EventDate "2020.08.25"]
[EventType "swiss (blitz)"]
[EventRounds "10"]
[EventCountry "USA"]
[SourceTitle "CBM 198 Extra"]
[Source "ChessBase"]
[SourceDate "2020.11.30"]
[SourceVersion "1"]
[SourceVersionDate "2020.11.30"]
[SourceQuality "1"]

1. d4 d5 2. c4 e6 3. Nf3 Nf6 4. g3 c6 5. Bg2 Nbd7 6. 0-0 Bd6 7. Nc3 dxc4 8. e4 e5 9. dxe5 Nxe5 10. Nxe5 Bxe5 11. Qxd8+ Kxd8 12. Rd1+ Kc7 13. f4 Bxc3 14. bxc3 Bg4 15. Rd4 b5 16. Ba3 Rhd8 17. h3 Be2 18. e5 Nd5 19. Bd6+ Rxd6 20. exd6+ Kxd6 21. Re1 Bd3 22. Bxd5 cxd5 23. Re5 Kc6 24. Rdxd5 a6 25. Rc5+ Kb6 26. Rcd5 Kc6 27. Rd4 Ra7 28. Re8 a5 29. Rc8+ Rc7 30. Rxc7+ Kxc7 31. a3 Kc6 32. Rd8 Bf5 33. g4 Be6 34. Kf2 g6 35. Ke3 Kc5 36. Rh8 b4 37. axb4+ axb4 38. cxb4+ Kxb4 39. Kd4 c3 40. Rb8+ Ka5 41. Kxc3 h5 42. gxh5 gxh5 43. h4 Bg4 44. Kd4 Ka6 45. Ke5 Ka7 46. Rf8 f5 47. Rxf5 1-0

[Event "Titled Tuesday intern op 25th Aug"]
[Site "Chess.com INT"]
[Date "2020.08.25"]
[Round "6"]
[White "Rodin, Mihail"]
[Black "Berkovich, Mark A"]
[Result "1/2-1/2"]
[WhiteElo "2320"]
[BlackElo "2326"]
[PlyCount "88"]
[EventDate "2020.08.25"]
[EventType "swiss (blitz)"]
[EventRounds "10"]
[EventCountry "USA"]
[SourceTitle "CBM 198 Extra"]
[Source "ChessBase"]
[SourceDate "2020.11.30"]
[SourceVersion "1"]
[SourceVersionDate "2020.11.30"]
[SourceQuality "1"]

1. e4 c6 2. d4 d5 3. e5 c5 4. dxc5 Nc6 5. a3 Nxe5 6. b4 Nf6 7. Bb2 Nc6 8. Nf3 e6 9. Bd3 Be7 10. 0-0 0-0 11. Nbd2 a5 12. c3 e5 13. Bc2 e4 14. Nd4 Bg4 15. Qb1 Qc7 16. N2b3 Ne5 17. Nb5 Qd7 18. N3d4 Bf3 19. h3 Bh5 20. a4 Nf3+ 21. Kh1 Nd2 22. Qe1 Nxf1 23. Qxf1 Rfe8 24. Nb3 axb4 25. cxb4 Rac8 26. a5 Qf5 27. N3d4 Qg6 28. f3 Qh6 29. f4 Bg4 30. Kg1 Bd7 31. Rd1 e3 32. Bd3 Ne4 33. Qf3 Bf6 34. Qxe3 Nc3 35. Qd2 Nxd1 36. Qxd1 Qxf4 37. Kh1 g6 38. Bc1 Qg3 39. Nf3 Bxh3 40. gxh3 Qxh3+ 41. Kg1 Qg3+ 42. Kh1 Qh3+ 43. Kg1 Qg3+ 44. Kh1 Qh3+ 1/2-1/2

[Event "Titled Tuesday intern op 25th Aug"]
[Site "Chess.com INT"]
[Date "2020.08.25"]
[Round "2"]
[White "Rodin, Mihail"]
[Black "Shimanov, Aleksandr"]
[Result "0-1"]
[WhiteElo "2320"]
[BlackElo "2593"]
[PlyCount "78"]
[EventDate "2020.08.25"]
[EventType "swiss (blitz)"]
[EventRounds "10"]
[EventCountry "USA"]
[SourceTitle "CBM 198 Extra"]
[Source "ChessBase"]
[SourceDate "2020.11.30"]
[SourceVersion "1"]
[SourceVersionDate "2020.11.30"]
[SourceQuality "1"]

1. e4 c6 2. d4 d5 3. e5 Bf5 4. Nc3 e6 5. g4 Bg6 6. Nge2 Bb4 7. h4 h6 8. a3 Bxc3+ 9. Nxc3 Ne7 10. h5 Bh7 11. Be3 Nd7 12. Bd3 Bxd3 13. Qxd3 Qc7 14. Ne2 c5 15. c3 Qb6 16. 0-0 cxd4 17. cxd4 0-0 18. f4 f6 19. b4 Qd8 20. Kg2 Qe8 21. Rac1 Nb6 22. Rc7 Rb8 23. exf6 Rxf6 24. f5 Nc4 25. Bf4 exf5 26. Be5 Nxe5 27. dxe5 Re6 28. Qd4 Nc6 29. Qxd5 Rd8 30. Qb3 Kh7 31. gxf5 Rxe5 32. Ng3 Rd2+ 33. Kg1 Nd4 34. Qf7 Qxf7 35. Rxf7 Re3 36. Nh1 Nf3+ 37. Rxf3 Rxf3 38. Rxb7 Rxa3 39. f6 Ra1# 0-1

[Event "Titled Tuesday intern op 25th Aug"]
[Site "Chess.com INT"]
[Date "2020.08.25"]
[Round "9"]
[White "Rodin, Mihail"]
[Black "Temirkanov, David"]
[Result "0-1"]
[WhiteElo "2320"]
[BlackElo "2282"]
[PlyCount "88"]
[EventDate "2020.08.25"]
[EventType "swiss (blitz)"]
[EventRounds "10"]
[EventCountry "USA"]
[SourceTitle "CBM 198 Extra"]
[Source "ChessBase"]
[SourceDate "2020.11.30"]
[SourceVersion "1"]
[SourceVersionDate "2020.11.30"]
[SourceQuality "1"]

1. e4 c6 2. d4 d5 3. e5 Bf5 4. Nc3 e6 5. g4 Bg6 6. Nge2 h6 7. Be3 Ne7 8. f4 Nd7 9. Ng3 h5 10. gxh5 Bh7 11. Bd3 Bxd3 12. Qxd3 Rc8 13. 0-0-0 Qa5 14. Kb1 c5 15. dxc5 Nxc5 16. Bxc5 Qxc5 17. Nce4 Qc6 18. Nd6+ Kd7 19. Nxf7 Rg8 20. f5 Kc7 21. Ng5 Nxf5 22. Nxf5 exf5 23. Qxf5 Kb8 24. e6 Be7 25. Nf7 d4 26. Ne5 Qg2 27. Nd7+ Ka8 28. h4 Rc6 29. Rhg1 Qe2 30. Rge1 Qg2 31. Rxd4 Rgc8 32. c3 Qg3 33. Rde4 Qd3+ 34. Ka1 Rxc3 35. Qf4 Bd6 36. Qg5 Rc2 37. e7 Qxe4 38. Rb1 Qxe7 39. Qxe7 Bxe7 40. Ne5 Bf6 41. Nd3 Rd2 42. Nf4 Rcc2 43. Nd3 Rxd3 44. a3 Rxa3# 0-1

[Event "Titled Tuesday intern op 4th Aug 10am"]
[Site "Chess.com INT"]
[Date "2020.08.04"]
[Round "3"]
[White "Rodin, Mihail"]
[Black "Bakalchuk, Johnatan"]
[Result "0-1"]
[WhiteElo "2320"]
[BlackElo "2448"]
[PlyCount "112"]
[EventDate "2020.08.04"]
[EventType "swiss (blitz)"]
[EventRounds "10"]
[EventCountry "USA"]
[SourceTitle "CBM 197 Extra"]
[Source "ChessBase"]
[SourceDate "2020.09.30"]
[SourceVersion "1"]
[SourceVersionDate "2020.09.30"]
[SourceQuality "1"]

1. e4 c5 2. Nf3 g6 3. d4 cxd4 4. Nxd4 Nc6 5. Nc3 Bg7 6. Nde2 Nf6 7. g3 0-0 8. Bg2 d6 9. 0-0 Rb8 10. a4 a6 11. Re1 b5 12. axb5 axb5 13. h3 b4 14. Nd5 Nd7 15. c3 Nc5 16. Be3 bxc3 17. bxc3 Ne5 18. Nb4 Bb7 19. Bd4 Nxe4 20. f4 Nd7 21. Bxg7 Kxg7 22. Bxe4 Bxe4 23. Nd4 Nf6 24. g4 Ba8 25. g5 Nh5 26. Nbc6 Bxc6 27. Nxc6 Qb6+ 28. Qd4+ Qxd4+ 29. cxd4 e6 30. Nxb8 Rxb8 31. Ra7 Nxf4 32. h4 Rb2 33. Rc7 Ne2+ 34. Kf1 Nxd4 35. Ra1 Rb5 36. Ra8 Rf5+ 37. Kg2 Rc5 38. Rd7 Nf5 39. Raa7 Nxh4+ 40. Kh3 Nf5 41. Rxf7+ Kg8 42. Rfb7 Rc3+ 43. Kh2 Rc8 44. Rxh7 e5 45. Rhd7 e4 46. Ra4 Re8 47. Rda7 e3 48. Ra8 Rxa8 49. Rxa8+ Kf7 50. Kg2 Ke6 51. Kf3 d5 52. Rg8 Kf7 53. Ra8 d4 54. Ra6 d3 55. Rf6+ Kg7 56. Re6 d2 0-1

[Event "Titled Tuesday intern op 21st July"]
[Site "Chess.com INT"]
[Date "2020.07.21"]
[Round "1"]
[White "Aung, Thant Zin"]
[Black "Rodin, Mihail"]
[Result "0-1"]
[WhiteElo "2268"]
[BlackElo "2320"]
[PlyCount "126"]
[EventDate "2020.07.21"]
[EventType "swiss (blitz)"]
[EventRounds "10"]
[EventCountry "USA"]
[SourceTitle "CBM 197 Extra"]
[Source "ChessBase"]
[SourceDate "2020.09.30"]
[SourceVersion "1"]
[SourceVersionDate "2020.09.30"]
[SourceQuality "1"]

1. e4 e5 2. Nf3 Nc6 3. d4 exd4 4. Nxd4 Nf6 5. Nc3 Bb4 6. Nxc6 bxc6 7. Bd3 0-0 8. 0-0 d5 9. exd5 cxd5 10. Bg5 c6 11. h3 Bd6 12. Qf3 h6 13. Bd2 Rb8 14. b3 c5 15. Rad1 Bb7 16. Rfe1 c4 17. bxc4 dxc4 18. Be4 Nxe4 19. Nxe4 Re8 20. Qg4 Bxe4 21. Rxe4 Rxe4 22. Qxe4 Qc7 23. Bc3 Bf8 24. g3 Rb6 25. Qe8 Re6 26. Qd8 Qc6 27. Qd5 Qxd5 28. Rxd5 Re2 29. Rd8 Rxc2 30. Bb4 Rxa2 31. Rxf8+ Kh7 32. Rc8 a5 33. Bc3 Rc2 34. Rxc4 a4 35. Rc5 a3 36. Bd4 Rd2 37. Be3 a2 38. Bxd2 a1Q+ 39. Kh2 Qf1 40. Be3 g5 41. g4 Kg6 42. Rf5 Qe2 43. Kg2 h5 44. Rf3 hxg4 45. hxg4 f6 46. Kg3 Qc4 47. Kg2 Qe4 48. Kg3 Qc4 49. Rf5 Qc7+ 50. Kg2 Qc4 51. Kg3 Qf1 52. Rf3 Qg1+ 53. Kh3 Qd1 54. Kg2 Qd5 55. Kg3 Qe4 56. Rf5 Qh1 57. Rf3 Qh4+ 58. Kg2 Qxg4+ 59. Rg3 Qe4+ 60. Kh2 g4 61. f4 f5 62. Rxg4+ fxg4 63. Kg3 Qxe3+ 0-1

[Event "Titled Tuesday intern op 21st July"]
[Site "Chess.com INT"]
[Date "2020.07.21"]
[Round "4"]
[White "Leszko, Bence"]
[Black "Rodin, Mihail"]
[Result "1-0"]
[WhiteElo "2260"]
[BlackElo "2320"]
[PlyCount "121"]
[EventDate "2020.07.21"]
[EventType "swiss (blitz)"]
[EventRounds "10"]
[EventCountry "USA"]
[SourceTitle "CBM 197 Extra"]
[Source "ChessBase"]
[SourceDate "2020.09.30"]
[SourceVersion "1"]
[SourceVersionDate "2020.09.30"]
[SourceQuality "1"]

1. e4 e5 2. Nf3 Nc6 3. Nc3 Nf6 4. a3 d5 5. Bb5 Nxe4 6. Qe2 Nxc3 7. Qxe5+ Be7 8. dxc3 0-0 9. Bxc6 bxc6 10. 0-0 Bd6 11. Qh5 Qf6 12. Be3 c5 13. Rad1 c6 14. Rfe1 Bf5 15. Rd2 h6 16. Nh4 Be4 17. Qg4 Rfe8 18. Rde2 Re6 19. b4 cxb4 20. cxb4 a5 21. bxa5 Rxa5 22. f3 Bh7 23. Bf2 Rxe2 24. Rxe2 Ra8 25. a4 Qg5 26. Qd7 Qd8 27. Qxc6 g5 28. a5 Rc8 29. Qa4 gxh4 30. a6 Ra8 31. a7 Bg6 32. Qc6 Rc8 33. Qb7 Qc7 34. a8Q Rxa8 35. Qxa8+ Kh7 36. Bd4 Qb8 37. Qxb8 Bxb8 38. Re8 Be5 39. Bxe5 f6 40. Bxf6 Bxe8 41. Bxh4 Kg6 42. c3 Bb5 43. Kf2 Bc4 44. Ke3 Kf5 45. g4+ Kg6 46. f4 Bb3 47. f5+ Kf7 48. Kf4 Bd1 49. h3 Be2 50. Bf2 Bf1 51. h4 Be2 52. g5 hxg5+ 53. hxg5 Bd3 54. Bd4 Bc2 55. g6+ Kg8 56. Kg5 Kf8 57. f6 Ke8 58. f7+ Ke7 59. Bc5+ Ke6 60. f8Q d4 61. Qd6# 1-0

[Event "Titled Tuesday intern op 21st July"]
[Site "Chess.com INT"]
[Date "2020.07.21"]
[Round "5"]
[White "Rodin, Mihail"]
[Black "Efremova, Yulia"]
[Result "1-0"]
[WhiteElo "2320"]
[BlackElo "2128"]
[PlyCount "95"]
[EventDate "2020.07.21"]
[EventType "swiss (blitz)"]
[EventRounds "10"]
[EventCountry "USA"]
[SourceTitle "CBM 197 Extra"]
[Source "ChessBase"]
[SourceDate "2020.09.30"]
[SourceVersion "1"]
[SourceVersionDate "2020.09.30"]
[SourceQuality "1"]

1. e4 d5 2. exd5 Qxd5 3. Nc3 Qa5 4. d4 Nf6 5. Nf3 Bg4 6. h3 Bxf3 7. Qxf3 c6 8. Bd2 e6 9. Ne4 Qd8 10. Nxf6+ Qxf6 11. Qe4 Nd7 12. Bd3 Nb6 13. c4 0-0-0 14. Be3 Bb4+ 15. Ke2 Rhe8 16. f4 g6 17. Rhd1 h5 18. Rac1 Na4 19. Rc2 Qe7 20. c5 Ba5 21. Rdc1 f5 22. Qf3 Qd7 23. b3 Nc3+ 24. Rxc3 Bxc3 25. Rxc3 a6 26. b4 Qd5 27. Bc4 Qxf3+ 28. Kxf3 Kd7 29. a4 Ra8 30. Bf2 a5 31. b5 Kc7 32. Bh4 cxb5 33. Bxb5 Rg8 34. Bf6 b6 35. Be5+ Kb7 36. cxb6 Kxb6 37. Rc6+ Ka7 38. Rxe6 Rac8 39. d5 Rc2 40. Bd4+ Kb7 41. Re7+ Kc8 42. d6 Rd2 43. Bb6 Rxd6 44. Ba6+ Kb8 45. Bc7+ Ka7 46. Bxd6+ Kxa6 47. Bc5 Rc8 48. Ra7# 1-0

[Event "Titled Tuesday intern op 21st July"]
[Site "Chess.com INT"]
[Date "2020.07.21"]
[Round "6"]
[White "Rustemov, Alexander"]
[Black "Rodin, Mihail"]
[Result "1-0"]
[WhiteElo "2525"]
[BlackElo "2320"]
[PlyCount "143"]
[EventDate "2020.07.21"]
[EventType "swiss (blitz)"]
[EventRounds "10"]
[EventCountry "USA"]
[SourceTitle "CBM 197 Extra"]
[Source "ChessBase"]
[SourceDate "2020.09.30"]
[SourceVersion "1"]
[SourceVersionDate "2020.09.30"]
[SourceQuality "1"]

1. d4 d5 2. c4 e6 3. Nc3 c6 4. e3 Nf6 5. Nf3 Nbd7 6. Qc2 Bd6 7. Bd2 0-0 8. 0-0-0 e5 9. cxd5 cxd5 10. Nb5 Bb8 11. dxe5 Nxe5 12. Nxe5 Bxe5 13. Bc3 Qe7 14. Kb1 Bd7 15. Bxe5 Qxe5 16. Nd4 Rac8 17. Qd2 Ne4 18. Qe1 Ba4 19. Rc1 Rxc1+ 20. Kxc1 Rc8+ 21. Kb1 Nxf2 22. Qxf2 Qe4+ 23. Bd3 Qxd3+ 24. Ka1 Bd1 25. b3 Rc1+ 26. Kb2 Qc3+ 27. Ka3 Bh5 28. Rxc1 Qxc1+ 29. Qb2 Qxe3 30. Nf5 Qc5+ 31. b4 Qf8 32. Qe5 Bg6 33. Ne7+ Kh8 34. Nxd5 a5 35. Qe7 axb4+ 36. Kxb4 Qxe7+ 37. Nxe7 Be4 38. g3 g6 39. Nc8 Kg7 40. Nd6 Bd5 41. Kc5 Bxa2 42. Nxb7 Kf6 43. Kd4 Kg5 44. Ke3 Kg4 45. Kf2 Kh3 46. Kg1 f5 47. Nd6 Be6 48. Nb5 g5 49. Nd4 Bd7 50. Nf3 h6 51. Ne5 Be6 52. Nf3 f4 53. gxf4 gxf4 54. Ne5 Bd5 55. Nd3 Kg4 56. Kf2 Be4 57. Ne5+ Kf5 58. Nc4 Kg4 59. Ne5+ Kh3 60. Kg1 f3 61. Nf7 h5 62. Ng5+ Kg4 63. Nxe4 Kh3 64. Nf2+ Kh4 65. Kf1 Kg5 66. Ke1 Kf4 67. Kd2 h4 68. Kd3 h3 69. Kd4 Kg5 70. Ke4 Kh4 71. Kxf3 Kg5 72. Kg3 1-0

[Event "Titled Tuesday intern op 14th July"]
[Site "Chess.com INT"]
[Date "2020.07.14"]
[Round "10"]
[White "Macovei, Andrei"]
[Black "Rodin, Mihail"]
[Result "0-1"]
[WhiteElo "2453"]
[BlackElo "2320"]
[PlyCount "120"]
[EventDate "2020.07.14"]
[EventType "swiss (blitz)"]
[EventRounds "10"]
[EventCountry "USA"]
[SourceTitle "CBM 197 Extra"]
[Source "ChessBase"]
[SourceDate "2020.09.30"]
[SourceVersion "1"]
[SourceVersionDate "2020.09.30"]
[SourceQuality "1"]

1. e4 e5 2. Nf3 Nc6 3. Bb5 a6 4. Ba4 Bc5 5. 0-0 Nge7 6. c3 Ba7 7. d4 exd4 8. cxd4 d5 9. exd5 Nxd5 10. Re1+ Be6 11. Bxc6+ bxc6 12. Bg5 Qd6 13. Nbd2 0-0 14. Nc4 Qb4 15. Qc2 Rfe8 16. a3 Qf8 17. b4 f6 18. Bh4 Bg4 19. Qd3 Bxf3 20. Qxf3 Bxd4 21. Rad1 Rxe1+ 22. Rxe1 Re8 23. Rd1 Nc3 24. Rf1 Re4 25. Bg3 Qf7 26. Nd2 Re2 27. Qd3 Qd5 28. Kh1 Be5 29. Qxd5+ cxd5 30. Nf3 d4 31. Re1 d3 32. Rxe2 Nxe2 33. Bxe5 fxe5 34. Nd2 Kf7 35. g3 Ke6 36. Kg2 Kd5 37. Kf3 Kd4 38. a4 Nc3 39. b5 axb5 40. a5 b4 41. a6 Nb5 42. Nb3+ Kc3 43. Nc5 b3 44. Ke3 b2 45. Na4+ Kc2 46. Nxb2 Kxb2 47. Kxd3 Kb3 48. Ke4 c5 49. Kd5 Kb4 50. Kxe5 c4 51. f4 c3 52. f5 c2 53. g4 c1Q 54. h4 Qh6 55. h5 Qf6+ 56. Ke4 Qxa6 57. g5 Qd6 58. f6 gxf6 59. g6 hxg6 60. hxg6 Qe5+ 0-1

[Event "Titled Tuesday intern op 14th July"]
[Site "Chess.com INT"]
[Date "2020.07.14"]
[Round "3"]
[White "Rodin, Mihail"]
[Black "Bacrot, Etienne"]
[Result "1-0"]
[WhiteElo "2320"]
[BlackElo "2673"]
[PlyCount "77"]
[EventDate "2020.07.14"]
[EventType "swiss (blitz)"]
[EventRounds "10"]
[EventCountry "USA"]
[SourceTitle "CBM 197 Extra"]
[Source "ChessBase"]
[SourceDate "2020.09.30"]
[SourceVersion "1"]
[SourceVersionDate "2020.09.30"]
[SourceQuality "1"]

1. e4 e5 2. Nf3 Nc6 3. Nc3 Nf6 4. d4 exd4 5. Nxd4 Bb4 6. Nxc6 bxc6 7. Bd3 0-0 8. 0-0 d5 9. exd5 cxd5 10. Bg5 c6 11. Qf3 h6 12. Bf4 Bd6 13. h3 Rb8 14. b3 Rb4 15. Ne2 Re8 16. Rad1 Bxf4 17. Nxf4 Qd6 18. c4 d4 19. Rfe1 Rd8 20. Bc2 c5 21. Nd3 Rb8 22. Re5 Bb7 23. Qg3 Rbc8 24. Rxc5 Qxg3 25. fxg3 Rb8 26. Rc7 Ne4 27. Kh2 Nc3 28. Rf1 Rf8 29. a3 a5 30. b4 axb4 31. axb4 Be4 32. b5 Rbc8 33. Rfxf7 Rxf7 34. Rxc8+ Kh7 35. b6 Ne2 36. Nb4 Bxc2 37. Nxc2 d3 38. Nb4 d2 39. Rd8 1-0

[Event "Titled Tuesday intern op 14th July"]
[Site "Chess.com INT"]
[Date "2020.07.14"]
[Round "7"]
[White "Rodin, Mihail"]
[Black "Lewicki, Miroslaw"]
[Result "1-0"]
[WhiteElo "2320"]
[BlackElo "2340"]
[PlyCount "93"]
[EventDate "2020.07.14"]
[EventType "swiss (blitz)"]
[EventRounds "10"]
[EventCountry "USA"]
[SourceTitle "CBM 197 Extra"]
[Source "ChessBase"]
[SourceDate "2020.09.30"]
[SourceVersion "1"]
[SourceVersionDate "2020.09.30"]
[SourceQuality "1"]

1. e4 c5 2. Nf3 d6 3. d4 cxd4 4. Nxd4 Nf6 5. Nc3 a6 6. Qf3 g6 7. h3 Bg7 8. Be3 0-0 9. 0-0-0 Qc7 10. g4 Nc6 11. g5 Ne5 12. gxf6 Nxf3 13. fxg7 Kxg7 14. Nxf3 Be6 15. Nd4 Bc4 16. h4 h5 17. Kb1 Rac8 18. Rg1 b5 19. Bh3 e6 20. b3 Bxb3 21. Nxb3 b4 22. Na4 Qxc2+ 23. Ka1 Qxe4 24. Bf1 Kg8 25. Bd3 Qxh4 26. Nb6 Rc3 27. Nd7 Rfc8 28. Bg5 Qh3 29. Nf6+ Kg7 30. Rg3 Rxd3 31. Rdxd3 Qf1+ 32. Kb2 Qxf2+ 33. Nd2 Qf5 34. Nfe4 d5 35. Bf6+ Qxf6+ 36. Nxf6 Kxf6 37. Rdf3+ Kg7 38. Rb3 a5 39. a3 bxa3+ 40. Rxa3 f5 41. Rxa5 f4 42. Rg1 Kf6 43. Nf3 Rc4 44. Ng5 Kf5 45. Ra6 e5 46. Nf7 Ke4 47. Nd6+ 1-0

[Event "Titled Tuesday intern op 7th July"]
[Site "Chess.com INT"]
[Date "2020.07.07"]
[Round "2"]
[White "Ostrovskiy, Aleksandr A"]
[Black "Rodin, Mihail"]
[Result "1/2-1/2"]
[WhiteElo "2425"]
[BlackElo "2320"]
[PlyCount "159"]
[EventDate "2020.07.07"]
[EventType "swiss (blitz)"]
[EventRounds "10"]
[EventCountry "USA"]
[SourceTitle "CBM 197 Extra"]
[Source "ChessBase"]
[SourceDate "2020.09.30"]
[SourceVersion "1"]
[SourceVersionDate "2020.09.30"]
[SourceQuality "1"]

1. d4 d5 2. Bf4 c5 3. e3 Nc6 4. c3 Nf6 5. Nd2 Bf5 6. Ngf3 e6 7. Qb3 Qd7 8. Ne5 Nxe5 9. dxe5 c4 10. Nxc4 dxc4 11. Bxc4 0-0-0 12. exf6 Qd2+ 13. Kf1 gxf6 14. Be2 Bc2 15. Qb5 e5 16. Bg3 Kb8 17. Re1 Rg8 18. h4 Bd6 19. h5 a6 20. Qa5 Bc7 21. Qb4 f5 22. Rh4 Bd3 23. Bxd3 Qxd3+ 24. Kg1 Qd2 25. Rf1 f6 26. Rc4 Rd7 27. Rc6 f4 28. exf4 Qd5 29. Rxc7 Rxc7 30. fxe5 fxe5 31. Re1 Re8 32. Qe4 Qxe4 33. Rxe4 Rce7 34. f3 Kc8 35. Kf2 Kd7 36. Ke2 Kd6 37. a4 Kd5 38. Bf2 b5 39. axb5 axb5 40. Rb4 Rb7 41. Re4 Reb8 42. Bg3 Re8 43. Be1 Rg8 44. g4 Rf8 45. Bg3 Re7 46. Kd3 Rxf3+ 47. Re3 Rxe3+ 48. Kxe3 e4 49. g5 Rf7 50. Bf4 Rf5 51. g6 hxg6 52. hxg6 Rf6 53. g7 Rg6 54. Bh6 Rg3+ 55. Kf4 Rg6 56. b3 Ke6 57. Kxe4 Kf7 58. Be3 Rxg7 59. Bd4 Rg4+ 60. Kd5 Rg5+ 61. Kc6 Ke6 62. Bc5 Rg3 63. Bd4 Rg5 64. b4 Rd5 65. Bc5 Rd3 66. Bd4 Rh3 67. Kxb5 Kd5 68. Bc5 Rh7 69. c4+ Ke6 70. Bb6 Kd7 71. c5 Kc8 72. c6 Rh5+ 73. Bc5 Kc7 74. Kc4 Kxc6 75. Be3 Rh4+ 76. Bd4 Rg4 77. b5+ Kb7 78. Kc5 Rg5+ 79. Kc4 Rxb5 80. Kxb5 1/2-1/2

[Event "Titled Tuesday intern op 7th July"]
[Site "Chess.com INT"]
[Date "2020.07.07"]
[Round "10"]
[White "Rodin, Mihail"]
[Black "Golubka, Petr"]
[Result "1/2-1/2"]
[WhiteElo "2320"]
[BlackElo "2495"]
[PlyCount "136"]
[EventDate "2020.07.07"]
[EventType "swiss (blitz)"]
[EventRounds "10"]
[EventCountry "USA"]
[SourceTitle "CBM 197 Extra"]
[Source "ChessBase"]
[SourceDate "2020.09.30"]
[SourceVersion "1"]
[SourceVersionDate "2020.09.30"]
[SourceQuality "1"]

1. e4 c5 2. Nf3 d6 3. d4 cxd4 4. Nxd4 Nf6 5. Nc3 a6 6. Qf3 e6 7. g4 Be7 8. g5 Nfd7 9. h4 Nc6 10. Be3 Qc7 11. 0-0-0 b5 12. h5 b4 13. Nce2 Nce5 14. Qg2 Nc4 15. g6 Nxe3 16. gxf7+ Kxf7 17. fxe3 Nc5 18. Kb1 Bb7 19. Ng3 Bf6 20. Bd3 Rhf8 21. Rhf1 Kg8 22. Qh3 Rae8 23. Qg4 Kh8 24. h6 g6 25. Rf2 Bc8 26. Qe2 Be5 27. Rxf8+ Rxf8 28. Rf1 Qd8 29. Nc6 Rxf1+ 30. Qxf1 Qf6 31. Nxe5 Qxf1+ 32. Nxf1 dxe5 33. Nd2 g5 34. Kc1 Kg8 35. Nf3 g4 36. Nxe5 g3 37. Kd1 g2 38. Nf3 e5 39. Ke1 Bg4 40. Ng1 Kf7 41. Kf2 Kg6 42. Kxg2 Kxh6 43. Kg3 Kg5 44. Nh3+ Bxh3 45. Kxh3 h5 46. a3 b3 47. Kg3 h4+ 48. Kf3 a5 49. a4 Nxa4 50. cxb3 Nxb2 51. Bc2 Kh5 52. Kf2 Kg4 53. Kg2 h3+ 54. Kf2 Kh4 55. Kf3 h2 56. Kg2 Kg4 57. Kxh2 Kf3 58. Kh3 Kxe3 59. Kg4 Kd2 60. Bb1 Nd1 61. Kf5 Nc3 62. Kxe5 Nxb1 63. Kd4 Kc2 64. Kc4 Nd2+ 65. Kb5 Nxb3 66. e5 Kb2 67. e6 Nd4+ 68. Kxa5 Nxe6 1/2-1/2

[Event "Titled Tuesday intern op 7th July"]
[Site "Chess.com INT"]
[Date "2020.07.07"]
[Round "5"]
[White "Rodin, Mihail"]
[Black "Velikanov, Alexander"]
[Result "1-0"]
[WhiteElo "2320"]
[BlackElo "2274"]
[PlyCount "107"]
[EventDate "2020.07.07"]
[EventType "swiss (blitz)"]
[EventRounds "10"]
[EventCountry "USA"]
[SourceTitle "CBM 197 Extra"]
[Source "ChessBase"]
[SourceDate "2020.09.30"]
[SourceVersion "1"]
[SourceVersionDate "2020.09.30"]
[SourceQuality "1"]

1. e4 c5 2. Nf3 e6 3. d4 cxd4 4. Nxd4 Nc6 5. Nb5 d6 6. Bf4 e5 7. Be3 a6 8. N5c3 Nf6 9. Bc4 Be7 10. Nd5 Nxd5 11. Bxd5 0-0 12. 0-0 Kh8 13. c3 Bg5 14. Bxg5 Qxg5 15. Qd2 Qg6 16. Na3 Ne7 17. Nc4 f5 18. f3 Rb8 19. Nb6 Be6 20. Rad1 Rbd8 21. Bxe6 Qxe6 22. Nd5 Nxd5 23. Qxd5 Qe7 24. exf5 Rxf5 25. Rfe1 h6 26. c4 Rff8 27. Re4 Qc7 28. b3 Rfe8 29. h3 Rf8 30. Rd3 Rfe8 31. Re2 Rf8 32. Qe4 Qe7 33. Rd5 Qg5 34. Qe3 Qf5 35. Red2 Rf6 36. Rxe5 dxe5 37. Rxd8+ Kh7 38. Qd3 Kg6 39. Qxf5+ Kxf5 40. Rd7 b5 41. c5 b4 42. Rxg7 Rc6 43. Rb7 a5 44. Rb5 e4 45. fxe4+ Kxe4 46. Rxa5 Kd3 47. Rb5 Kc3 48. Kh2 Ra6 49. Rb6 Ra5 50. c6 Rc5 51. g4 h5 52. Kg3 Kb2 53. Rxb4 hxg4 54. Rc4 1-0